000 00944nam a2200229 i 4500
001 186233
003 SpMaBN
005 20231201200122.0
008 160923s2015 sp v |||| | spa d
020 _a978-84-16362-10-3
080 _a349.2(460)(094.9)
100 1 _aMartín Fauró, Urbano.
_9160959
245 1 4 _aLas elecciones laborales en la empresa a través de la jurisprudencia
_b: criterios de la Sala IV del Tribunal Supremo sobre las normas electorales laborales en la empresa /
_cUrbano Martín Fauró.
250 _a1ª ed.
260 _a[Madrid] :
_bLetras de Autor,
_c2015.
300 _a157 p. ;
_c21 cm.
650 7 _aDerecho laboral-
_zEspaña-
_vJurisprudencia.
_9143304
852 _aES-MaACL
_jA-13827
_9193288
_bR.151108
_cDEPO1
_dOlim: N-6827
_gDedicatoria autógrafa del autor
_hDonación: Urbano Martín Fauró
903 _9160959
_aMartín Fauró, Urbano
_ednr
942 _2udc
_cMONOGRAFIA
999 _c186233
_d186233